[Event "WSCC  M50 2019"]
[Site "Bucharest"]
[Date "2019.11.12"]
[Round "1.19"]
[White "Soffer, Ram"]
[Black "Cetinkaya, Vedat Ali"]
[Result "1-0"]
[WhiteElo "2485"]
[BlackElo "2046"]
[Annotator "ChessBase"]
[PlyCount "87"]
[EventDate "2019.11.12"]
[EventType "swiss"]
[EventCountry "ROU"]
[SourceTitle "playchess.com"]
[Source "ChessBase"]
[SourceQuality "1"]
[TimeControl "40/5400+30:1800+30"]

1. e4 {[%emt 0:00:00]} c6 {[%emt 0:00:00]} 2. Nf3 {[%emt 0:00:00]} d5 {[%emt 0:00:14]} 3. Nc3 {[%emt 0:00:00]} e6 {[%emt 0:00:27]} 4. d4 {[%emt 0:01:12]} Nf6 {[%emt 0:00:29]} 5. Bd3 {[%emt 0:03:11]} Be7 {[%emt 0:04:21]} 6. e5 {[%emt 0:01:49]} Nfd7 {[%emt 0:00:15]} 7. Ne2 {[%emt 0:00:08]} c5 {[%emt 0:00:19]} 8. c3 {[%emt 0:00:04]} Nc6 {[%emt 0:00:20]} 9. O-O {[%emt 0:00:39]} O-O {[%emt 0:01:56]} 10. Nf4 {[%emt 0:08:38]} Re8 {[%emt 0:06:36]} 11. a3 {[%emt 0:03:28]} a5 {[%emt 0:03:11]} 12. Re1 {[%emt 0:03:58]} Nf8 {[%emt 0:00:57]} 13. Nh5 {[%emt 0:00:59]} g6 {[%emt 0:25:24]} 14. Ng3 {[%emt 0:09:42]} cxd4 {[%emt 0:00:49]} 15. cxd4 {[%emt 0:01:55]} f6 {[%emt 0:00:10]} 16. Qd2 {[%emt 0:11:18]} b6 {[%emt 0:14:42]} 17. Bb5 {[%emt 0:05:56]} Bd7 {[%emt 0:01:59]} 18. exf6 {[%emt 0:00:17]} Bxf6 {[%emt 0:00:16]} 19. Bxc6 {[%emt 0:00:52]} Bxc6 {[%emt 0:00:20]} 20. Qf4 {[%emt 0:00:51]} Rc8 {[%emt 0:09:04]} 21. Nf1 {[%emt 0:04:35]} Ba4 {[%emt 0:05:40]} 22. Ne3 {[%emt 0:00:58]} Bg7 {[%emt 0:02:39]} 23. Ng4 {[%emt 0:01:34]} Qc7 {[%emt 0:04:56]} 24. Nh6+ {[%emt 0:02:57]} Bxh6 {[%emt 0:00:56]} 25. Qxh6 {[%emt 0:00:03]} Qg7 {[%emt 0:01:09]} 26. Qh4 {[%emt 0:00:53]} Nd7 {[%emt 0:00:46]} 27. Bh6 {[%emt 0:03:07]} Qf6 {[%emt 0:01:11]} 28. Bg5 {[%emt 0:00:12]} Qg7 {[%emt 0:00:09]} 29. Re3 {[%emt 0:04:35]} Bc2 {[%emt 0:01:46]} 30. Nd2 {[%emt 0:12:12]} Bf5 {[%emt 0:04:06]} 31. Rae1 {[%emt 0:10:03]} Rc2 {[%emt 0:01:44]} 32. Nf1 {[%emt 0:00:33]} Rc4 {[%emt 0:01:44]} 33. Rd1 {[%emt 0:05:09]} a4 {[%emt 0:00:52]} 34. Ng3 {[%emt 0:00:59]} Bc2 {[%emt 0:00:55]} 35. Rd2 {[%emt 0:00:48]} Be4 {[%emt 0:00:13]} 36. h3 {[%emt 0:00:42]} Rxd4 {[%emt 0:00:57]} 37. Nxe4 {[%emt 0:00:56]} dxe4 {[%emt 0:00:23]} 38. Bf6 {[%emt 0:01:25]} Nxf6 {[%emt 0:02:53]} 39. Rxd4 {[%emt 0:00:03]} g5 {[%emt 0:01:58]} 40. Qg3 {[%emt 0:00:00]} Nh5 {[%emt 0:00:00]} 41. Qd6 {[%emt 0:00:47]} Nf4 {[%emt 0:01:16]} 42. Rexe4 {[%emt 0:01:45]} b5 {[%emt 0:02:24]} 43. Qe5 {[%emt 0:02:02]} Qg6 {[%emt 0:00:57]} 44. Rxf4 {[%emt 0:01:21]} 1-0

[Event "WSCC  M50 2019"]
[Site "Bucharest"]
[Date "2019.11.12"]
[Round "1.20"]
[White "Minescu, Dragos-Olivar"]
[Black "Pavlovic, Milos"]
[Result "0-1"]
[WhiteElo "2046"]
[BlackElo "2482"]
[Annotator "ChessBase"]
[PlyCount "42"]
[EventDate "2019.11.12"]
[EventType "swiss"]
[EventCountry "ROU"]
[SourceTitle "playchess.com"]
[Source "ChessBase"]
[SourceQuality "1"]
[TimeControl "40/5400+30:1800+30"]

1. c4 {[%emt 0:05:53]} g6 {[%emt 0:00:51]} 2. d4 {[%emt 0:00:19]} Bg7 {[%emt 0:01:21]} 3. Nc3 {[%emt 0:00:07]} d6 {[%emt 0:00:59]} 4. e4 {[%emt 0:00:45]} Nf6 {[%emt 0:00:19]} 5. f3 {[%emt 0:04:43]} O-O {[%emt 0:00:24]} 6. Be3 {[%emt 0:00:03]} Nbd7 {[%emt 0:07:31]} 7. Qd2 {[%emt 0:02:55]} a6 {[%emt 0:00:14]} 8. g4 {[%emt 0:01:48]} c5 {[%emt 0:01:29]} 9. d5 {[%emt 0:01:23]} b5 {[%emt 0:02:00]} 10. cxb5 {[%emt 0:00:18]} Qa5 {[%emt 0:00:07]} 11. Bh6 {[%emt 0:12:51]} Bxh6 {[%emt 0:06:43]} 12. Qxh6 {[%emt 0:01:46]} axb5 {[%emt 0:00:05]} 13. Bxb5 {[%emt 0:01:14]} Ne5 {[%emt 0:00:21]} 14. O-O-O {[%emt 0:19:26]} Ba6 {[%emt 0:02:11]} 15. Bxa6 {[%emt 0:01:43]} Qxa6 {[%emt 0:01:44]} 16. Nh3 {[%emt 0:18:48]} Rfb8 {[%emt 0:03:07]} 17. Nf2 {[%emt 0:06:27]} Qc4 {[%emt 0:04:53]} 18. Qd2 {[%emt 0:12:34]} Rxa2 {[%emt 0:00:35]} 19. Qc2 {[%emt 0:00:15]} Ra1+ {[%emt 0:04:18]} 20. Nb1 {[%emt 0:01:41]} Rxb2 {[%emt 0:00:22]} 21. Kxb2 {[%emt 0:02:11]} Ra2+ {[%emt 0:00:02]} 0-1

[Event "WSCC  M50 2019"]
[Site "Bucharest"]
[Date "2019.11.12"]
[Round "1.21"]
[White "Movsziszian, Karen"]
[Black "Smith, Peter R"]
[Result "1-0"]
[WhiteElo "2470"]
[BlackElo "2044"]
[Annotator "ChessBase"]
[PlyCount "67"]
[EventDate "2019.11.12"]
[EventType "swiss"]
[EventCountry "ROU"]
[SourceTitle "playchess.com"]
[Source "ChessBase"]
[SourceQuality "1"]
[TimeControl "40/5400+30:1800+30"]

1. g3 {[%emt 0:00:00]} g6 {[%emt 0:00:00]} 2. Bg2 {[%emt 0:00:00]} Bg7 {[%emt 0:00:00]} 3. d3 {[%emt 0:00:00]} d6 {[%emt 0:00:37]} 4. f4 {[%emt 0:01:29]} e5 {[%emt 0:02:46]} 5. Nc3 {[%emt 0:00:19]} Ne7 {[%emt 0:02:29]} 6. Nf3 {[%emt 0:03:39]} O-O {[%emt 0:02:24]} 7. O-O {[%emt 0:00:08]} Nbc6 {[%emt 0:02:02]} 8. e4 {[%emt 0:01:05]} Nd4 {[%emt 0:10:06]} 9. Nxd4 {[%emt 0:09:00]} exd4 {[%emt 0:00:03]} 10. Ne2 {[%emt 0:00:04]} f5 {[%emt 0:08:02]} 11. c3 {[%emt 0:00:39]} dxc3 {[%emt 0:03:54]} 12. bxc3 {[%emt 0:00:35]} c5 {[%emt 0:07:16]} 13. Qb3+ {[%emt 0:05:53]} Kh8 {[%emt 0:00:39]} 14. Be3 {[%emt 0:00:15]} Qc7 {[%emt 0:01:52]} 15. Rad1 {[%emt 0:09:40]} Bd7 {[%emt 0:11:06]} 16. Rfe1 {[%emt 0:08:22]} Bc6 {[%emt 0:04:11]} 17. c4 {[%emt 0:05:02]} Rfe8 {[%emt 0:09:07]} 18. Nc3 {[%emt 0:01:22]} a6 {[%emt 0:06:56]} 19. d4 {[%emt 0:10:22]} fxe4 {[%emt 0:07:01]} 20. dxc5 {[%emt 0:01:04]} dxc5 {[%emt 0:02:19]} 21. Bxc5 {[%emt 0:01:15]} Nf5 {[%emt 0:00:56]} 22. Bb6 {[%emt 0:00:53]} Qf7 {[%emt 0:01:56]} 23. Nxe4 {[%emt 0:00:53]} Bxe4 {[%emt 0:03:23]} 24. Bxe4 {[%emt 0:01:10]} Rac8 {[%emt 0:01:41]} 25. Bf2 {[%emt 0:07:25]} h5 {[%emt 0:02:36]} 26. Bd5 {[%emt 0:03:26]} Rxe1+ {[%emt 0:01:12]} 27. Rxe1 {[%emt 0:00:06]} Qc7 {[%emt 0:00:42]} 28. Qd3 {[%emt 0:09:16]} Rd8 {[%emt 0:01:03]} 29. Re6 {[%emt 0:02:11]} Qf7 {[%emt 0:01:44]} 30. Rb6 {[%emt 0:01:49]} Qe8 {[%emt 0:01:18]} 31. Rxb7 {[%emt 0:00:21]} Qa4 {[%emt 0:01:54]} 32. h3 {[%emt 0:02:58]} Nd6 {[%emt 0:00:21]} 33. Rc7 {[%emt 0:03:54]} Qa5 {[%emt 0:01:52]} 34. Qxg6 {[%emt 0:00:41]} 1-0

[Event "WSCC  M50 2019"]
[Site "Bucharest"]
[Date "2019.11.12"]
[Round "1.22"]
[White "Telea, Stefan"]
[Black "Psakhis, Lev"]
[Result "0-1"]
[WhiteElo "2028"]
[BlackElo "2461"]
[Annotator "RC"]
[PlyCount "94"]
[EventDate "2019.11.12"]
[EventType "swiss"]
[EventCountry "ROU"]
[SourceTitle "playchess.com"]
[Source "ChessBase"]
[SourceQuality "1"]
[TimeControl "40/5400+30:1800+30"]

1. Nf3 {[%emt 0:00:00]} c5 {[%emt 0:00:00]} 2. g3 {[%emt 0:00:00]} Nc6 {[%emt 0:00:00]} 3. d4 {[%emt 0:00:12]} cxd4 {[%emt 0:00:10]} 4. Nxd4 {[%emt 0:00:11]} g6 {[%emt 0:00:08]} 5. Nxc6 {[%emt 0:04:02]} bxc6 {[%emt 0:00:10]} 6. Qd4 {[%emt 0:00:39]} Nf6 {[%emt 0:00:23]} 7. Bg2 Bg7 8. O-O {[%emt 0:01:27]} O-O {[%emt 0:04:58]} 9. c4 {[%emt 0:00:49]} Ba6 {[%emt 0:06:33]} 10. Rd1 {[%emt 0:09:05]} d5 {[%emt 0:04:06]} 11. Qh4 {[%emt 0:19:20]} Bxc4 {[%emt 0:00:54]} 12. Nc3 {[%emt 0:00:17]} Nd7 {[%emt 0:19:54]} 13. Bg5 {[%emt 0:05:09]} f6 {[%emt 0:02:04]} 14. Bh6 {[%emt 0:02:52]} e6 {[%emt 0:07:53]} 15. b3 {[%emt 0:08:38]} Ba6 {[%emt 0:00:41]} 16. Rac1 {[%emt 0:05:28]} f5 {[%emt 0:08:00]} 17. Bg5 {[%emt 0:02:42]} Qa5 {[%emt 0:09:02]} 18. Na4 {[%emt 0:07:21]} Bxe2 {[%emt 0:04:13]} 19. Re1 {[%emt 0:02:59]} Qa6 {[%emt 0:00:50]} 20. Nc3 {[%emt 0:04:07]} Bxc3 {[%emt 0:02:15]} 21. Rxc3 {[%emt 0:00:02]} e5 {[%emt 0:00:25]} 22. a4 {[%emt 0:06:07]} e4 {[%emt 0:11:49]} 23. Be3 Rae8 {[%emt 0:03:38]} 24. Bd4 {[%emt 0:06:45]} Rf7 {[%emt 0:00:51]} 25. Qf4 {[%emt 0:01:07]} c5 {[%emt 0:01:11]} 26. Bxc5 {[%emt 0:02:38]} Nxc5 {[%emt 0:00:10]} 27. Rxc5 {[%emt 0:00:06]} d4 {[%emt 0:00:04]} 28. Rxe2 {[%emt 0:04:15]} Qxe2 {[%emt 0:00:07]} 29. Bf1 {[%emt 0:00:11]} Qf3 {[%emt 0:08:11]} 30. Bc4 {[%emt 0:00:11]} Qxf4 {[%emt 0:00:08]} 31. gxf4 {[%emt 0:00:05]} Ree7 {[%emt 0:00:37]} 32. Kf1 {[%emt 0:00:49]} Kg7 {[%emt 0:01:41]} 33. Bxf7 {[%emt 0:00:20]} Kxf7 {[%emt 0:00:28]} 34. b4 {[%emt 0:00:13]} Ke6 {[%emt 0:00:50]} 35. b5 {[%emt 0:01:52]} Kd6 {[%emt 0:00:39]} 36. Rc6+ {[%emt 0:00:23]} Kd5 {[%emt 0:00:05]} 37. Ke2 {[%emt 0:00:50]} g5 {[%emt 0:01:20]} 38. fxg5 {[%emt 0:00:27]} f4 {[%emt 0:00:11]} 39. h4 {[%emt 0:00:38]} d3+ {[%emt 0:01:33]} 40. Ke1 {[%emt 0:00:00]} e3 {[%emt 0:00:00]} 41. fxe3 {[%emt 0:13:45]} fxe3 {[%emt 0:00:43]} 42. a5 {[%emt 0:04:36]} Re4 {[%emt 0:05:31]} 43. Rc3 {[%emt 0:03:42]} Rd4 {[%emt 0:00:45]} 44. Kd1 {[%emt 0:01:57]} Ke4 {[%emt 0:00:19]} 45. Rb3 {[%emt 0:03:33]} Kf3 {[%emt 0:03:45]} 46. b6 {[%emt 0:00:32]} Kf2 {[%emt 0:01:51]} 47. Rb1 {[%emt 0:03:06]} d2 {[%emt 0:00:47]} 0-1

[Event "WSCC  M50 2019"]
[Site "Bucharest"]
[Date "2019.11.12"]
[Round "1.23"]
[White "Managadze, Nikoloz"]
[Black "Sabah, Iraj"]
[Result "1-0"]
[WhiteElo "2450"]
[BlackElo "2019"]
[Annotator "RC"]
[PlyCount "75"]
[EventDate "2019.11.12"]
[EventType "swiss"]
[EventCountry "ROU"]
[SourceTitle "playchess.com"]
[Source "ChessBase"]
[SourceQuality "1"]
[TimeControl "40/5400+30:1800+30"]

1. Nf3 {[%emt 0:00:00]} Nf6 {[%emt 0:00:03]} 2. c4 {[%emt 0:00:03]} e6 {[%emt 0:00:40]} 3. g3 {[%emt 0:02:48]} b6 {[%emt 0:00:19]} 4. Bg2 {[%emt 0:00:16]} Bb7 {[%emt 0:00:01]} 5. O-O {[%emt 0:00:22]} c5 {[%emt 0:02:01]} 6. Nc3 {[%emt 0:01:25]} Be7 {[%emt 0:00:33]} 7. d4 {[%emt 0:00:21]} cxd4 {[%emt 0:00:05]} 8. Qxd4 {[%emt 0:00:09]} Nc6 {[%emt 0:02:47]} 9. Qf4 {[%emt 0:00:36]} O-O {[%emt 0:00:39]} 10. Rd1 {[%emt 0:00:45]} Rc8 {[%emt 0:06:59]} 11. e4 {[%emt 0:05:23]} Na5 {[%emt 0:03:49]} 12. b3 {[%emt 0:04:37]} Bb4 {[%emt 0:03:39]} 13. Bb2 {[%emt 0:05:19]} Bxc3 {[%emt 0:03:01]} 14. Bxc3 {[%emt 0:00:05]} Nxe4 {[%emt 0:00:18]} 15. Bxa5 {[%emt 0:00:21]} bxa5 {[%emt 0:00:08]} 16. Ne5 {[%emt 0:00:07]} Nc3 {[%emt 0:01:32]} 17. Qd2 {[%emt 0:12:17]} Bxg2 {[%emt 0:01:32]} 18. Qxc3 {[%emt 0:00:06]} Bc6 {[%emt 0:03:28]} 19. Rd6 {[%emt 0:00:13]} Qc7 {[%emt 0:00:50]} 20. Rad1 {[%emt 0:00:15]} Rfd8 {[%emt 0:06:32]} 21. Nxc6 {[%emt 0:15:05]} dxc6 {[%emt 0:00:09]} 22. c5 {[%emt 0:00:04]} Rxd6 {[%emt 0:01:28]} 23. cxd6 {[%emt 0:00:07]} Qb6 {[%emt 0:02:02]} 24. d7 {[%emt 0:02:35]} Rd8 {[%emt 0:00:33]} 25. Rd6 {[%emt 0:00:13]} Qc7 {[%emt 0:03:04]} 26. Qxc6 {[%emt 0:02:18]} Qxc6 {[%emt 0:00:22]} 27. Rxc6 {[%emt 0:00:06]} Kf8 {[%emt 0:00:09]} 28. Rc7 {[%emt 0:00:31]} a4 {[%emt 0:02:35]} 29. b4 {[%emt 0:00:24]} a6 {[%emt 0:01:08]} 30. Ra7 {[%emt 0:01:40]} a3 {[%emt 0:00:54]} 31. Rxa6 {[%emt 0:02:17]} Rxd7 {[%emt 0:00:00]} 32. Rxa3 {[%emt 0:00:09]} Ke7 {[%emt 0:00:39]} 33. b5 {[%emt 0:01:48]} Rb7 {[%emt 0:00:57]} 34. Ra5 {[%emt 0:01:48]} Kd6 {[%emt 0:00:17]} 35. a4 {[%emt 0:00:14]} Kc5 {[%emt 0:00:16]} 36. Ra6 {[%emt 0:00:15]} h5 {[%emt 0:01:44]} 37. h4 {[%emt 0:00:11]} e5 {[%emt 0:00:33]} 38. Kf1 {[%emt 0:00:31]} 1-0

[Event "WSCC  M50 2019"]
[Site "Bucharest"]
[Date "2019.11.12"]
[Round "1.24"]
[White "Pogosian, Vladimir"]
[Black "Godena, Michele"]
[Result "0-1"]
[WhiteElo "2017"]
[BlackElo "2449"]
[Annotator "NA"]
[PlyCount "173"]
[EventDate "2019.11.12"]
[EventType "swiss"]
[EventCountry "ROU"]
[SourceTitle "playchess.com"]
[Source "ChessBase"]
[SourceQuality "1"]
[TimeControl "40/5400+30:1800+30"]

1. e4 {[%emt 0:00:00]} e5 {[%emt 0:00:00]} 2. Nf3 {[%emt 0:00:00]} Nc6 {[%emt 0:00:00]} 3. Bc4 {[%emt 0:00:17]} Bc5 {[%emt 0:00:10]} 4. b4 {[%emt 0:01:04]} Bxb4 {[%emt 0:01:05]} 5. c3 {[%emt 0:00:04]} Be7 {[%emt 0:12:08]} 6. d4 {[%emt 0:00:29]} Na5 {[%emt 0:00:17]} 7. Bd3 {[%emt 0:10:01]} d6 {[%emt 0:07:26]} 8. O-O {[%emt 0:02:08]} Nc6 {[%emt 0:04:43]} 9. Nbd2 {[%emt 0:05:38]} Nf6 {[%emt 0:01:02]} 10. Re1 {[%emt 0:09:18]} O-O {[%emt 0:01:21]} 11. Rb1 {[%emt 0:00:36]} h6 {[%emt 0:36:03]} 12. h3 {[%emt 0:03:51]} Nh7 {[%emt 0:02:34]} 13. Nc4 {[%emt 0:13:49]} Ng5 {[%emt 0:01:45]} 14. d5 {[%emt 0:00:09]} Nxf3+ {[%emt 0:02:43]} 15. Qxf3 {[%emt 0:00:09]} Nb8 {[%emt 0:00:03]} 16. Ne3 {[%emt 0:01:06]} Bg5 {[%emt 0:05:55]} 17. g3 {[%emt 0:04:02]} Nd7 {[%emt 0:00:48]} 18. h4 {[%emt 0:01:56]} Bxe3 {[%emt 0:00:17]} 19. Bxe3 {[%emt 0:01:15]} b6 {[%emt 0:04:15]} 20. Kg2 {[%emt 0:05:45]} Nf6 {[%emt 0:00:51]} 21. Bd2 {[%emt 0:00:27]} c6 {[%emt 0:10:05]} 22. dxc6 {[%emt 0:00:33]} Bg4 {[%emt 0:00:54]} 23. Qe3 {[%emt 0:00:08]} Qc8 {[%emt 0:02:01]} 24. f3 {[%emt 0:00:53]} Be6 {[%emt 0:00:30]} 25. Bb5 {[%emt 0:06:22]} a6 {[%emt 0:01:30]} 26. Be2 {[%emt 0:02:37]} b5 {[%emt 0:00:17]} 27. a4 {[%emt 0:00:38]} Qxc6 {[%emt 0:00:50]} 28. axb5 {[%emt 0:00:10]} axb5 {[%emt 0:00:03]} 29. Bxb5 {[%emt 0:00:27]} Qc7 {[%emt 0:00:17]} 30. c4 {[%emt 0:00:53]} Ra2 {[%emt 0:02:21]} 31. Re2 {[%emt 0:02:49]} Rfa8 {[%emt 0:01:24]} 32. Rc1 {[%emt 0:02:06]} Bd7 {[%emt 0:00:56]} 33. Rf2 {[%emt 0:02:31]} Qb7 {[%emt 0:00:45]} 34. Qb3 {[%emt 0:02:38]} R8a3 {[%emt 0:00:26]} 35. Qb4 {[%emt 0:00:19]} Bc6 {[%emt 0:01:10]} 36. Bxc6 {[%emt 0:04:05]} Qxc6 {[%emt 0:00:02]} 37. Qb5 {[%emt 0:01:14]} Qa8 {[%emt 0:00:45]} 38. Rb1 {[%emt 0:00:17]} Kh7 {[%emt 0:00:34]} 39. Qb7 {[%emt 0:00:16]} Qe8 {[%emt 0:00:29]} 40. Be1 {[%emt 0:00:00]} Qe6 {[%emt 0:00:00]} 41. Qb5 {[%emt 0:03:07]} Nh5 {[%emt 0:17:05]} 42. Rbb2 {[%emt 0:03:35]} Ra1 {[%emt 0:00:50]} 43. Rb1 {[%emt 0:05:44]} Rxb1 {[%emt 0:08:45]} 44. Qxb1 {[%emt 0:00:11]} Qxc4 {[%emt 0:00:05]} 45. Qb4 {[%emt 0:00:06]} Qa6 {[%emt 0:01:12]} 46. Rd2 {[%emt 0:00:37]} Ra1 {[%emt 0:00:25]} 47. Rf2 {[%emt 0:02:17]} Rd1 {[%emt 0:02:22]} 48. Qc3 {[%emt 0:01:37]} Nf6 {[%emt 0:02:14]} 49. g4 {[%emt 0:00:33]} h5 {[%emt 0:00:22]} 50. g5 {[%emt 0:00:08]} Nd7 {[%emt 0:00:38]} 51. Bd2 {[%emt 0:04:38]} Nc5 {[%emt 0:00:52]} 52. Be3 {[%emt 0:00:43]} Rd3 {[%emt 0:01:32]} 53. Qc1 {[%emt 0:00:01]} Ne6 {[%emt 0:00:16]} 54. Re2 {[%emt 0:02:38]} Ra3 {[%emt 0:00:40]} 55. Qd2 {[%emt 0:00:58]} Rd3 {[%emt 0:00:09]} 56. Qc1 {[%emt 0:00:04]} Ra3 {[%emt 0:00:45]} 57. Qd2 {[%emt 0:00:02]} Qc4 {[%emt 0:00:21]} 58. Kf2 {[%emt 0:00:36]} Rd3 {[%emt 0:01:02]} 59. Qc2 {[%emt 0:00:48]} Rc3 {[%emt 0:00:13]} 60. Qa2 {[%emt 0:00:19]} Qd3 {[%emt 0:00:29]} 61. Qd2 {[%emt 0:00:10]} Nf4 {[%emt 0:00:44]} 62. Qxd3 {[%emt 0:00:27]} Nxd3+ {[%emt 0:00:02]} 63. Kg3 {[%emt 0:00:14]} Kg6 {[%emt 0:00:35]} 64. Ra2 {[%emt 0:00:40]} Nb4 {[%emt 0:00:46]} 65. Rb2 {[%emt 0:00:33]} Nc6 {[%emt 0:00:38]} 66. Kf2 {[%emt 0:00:17]} Nd8 {[%emt 0:00:38]} 67. Bb6 {[%emt 0:01:50]} Ne6 {[%emt 0:00:13]} 68. Rd2 {[%emt 0:00:16]} Rc6 {[%emt 0:00:16]} 69. Be3 {[%emt 0:00:07]} f6 {[%emt 0:00:35]} 70. gxf6 {[%emt 0:00:15]} gxf6 {[%emt 0:00:43]} 71. Kg3 {[%emt 0:00:19]} f5 {[%emt 0:00:28]} 72. Kg2 {[%emt 0:01:00]} Kf6 {[%emt 0:00:12]} 73. Rb2 {[%emt 0:00:16]} Rc3 {[%emt 0:00:33]} 74. Kf2 {[%emt 0:00:33]} f4 {[%emt 0:00:41]} 75. Bd2 {[%emt 0:00:07]} Rd3 {[%emt 0:00:21]} 76. Bb4 {[%emt 0:01:11]} Nd4 {[%emt 0:00:16]} 77. Bxd6 {[%emt 0:00:24]} Rxf3+ {[%emt 0:00:05]} 78. Kg2 {[%emt 0:00:12]} Rg3+ {[%emt 0:00:27]} 79. Kf2 {[%emt 0:00:03]} Rf3+ {[%emt 0:00:17]} 80. Kg2 {[%emt 0:00:05]} Re3 {[%emt 0:00:35]} 81. Bc5 {[%emt 0:01:30]} Rxe4 {[%emt 0:00:25]} 82. Rb6+ {[%emt 0:01:47]} Ne6 {[%emt 0:00:46]} 83. Bf2 {[%emt 0:00:20]} Re2 {[%emt 0:00:28]} 84. Kf3 {[%emt 0:00:17]} Ra2 {[%emt 0:00:20]} 85. Rb3 {[%emt 0:01:02]} Kf5 {[%emt 0:00:29]} 86. Kg2 {[%emt 0:00:25]} Nc5 {[%emt 0:00:45]} 87. Kg1 {[%emt 0:00:30]} 0-1

[Event "WSCC  M50 2019"]
[Site "Bucharest"]
[Date "2019.11.12"]
[Round "1.25"]
[White "Shishkin, Vadim"]
[Black "Breitkopf, Francisc"]
[Result "1-0"]
[WhiteElo "2428"]
[BlackElo "2016"]
[Annotator "TA"]
[PlyCount "47"]
[EventDate "2019.11.12"]
[EventType "swiss"]
[EventCountry "ROU"]
[SourceTitle "playchess.com"]
[Source "ChessBase"]
[SourceQuality "1"]

{[%evp 10,47,90,87,142,107,119,110,114,125,121,122,163,163,251,188,198,206,174,114,112,122,136,129,243,243,287,269,348,323,335,309,523,539,524,522,29965,9320,2482,2246]} 1. d4 d6 2. Nf3 Bg4 3. e4 e5 4. dxe5 Nd7 5. exd6 Bxd6 6. Be2 Qe7 {C41: Philidor Defence} ({Black should try} 6... Bxf3 7. gxf3 (7. Bxf3 Ngf6 $14) 7... Qh4) (6... Ngf6 7. Nc3 Qe7 8. Nd4 Bxe2 9. Qxe2 Bb4 10. O-O O-O 11. Nf5 Qe6 12. f3 Rfe8 13. Qf2 Bc5 14. Ne3 {0-1 (56) Kosintseva,T (2441)-Yurtaev,L (2552) Samara 2002}) 7. Nc3 O-O-O 8. Nd4 h5 {White is better.} 9. Be3 Ngf6 $146 ({Predecessor:} 9... Bb4 10. f3 Be6 11. Nxe6 Qxe6 12. O-O Nb6 13. Qe1 f5 14. a3 Bxc3 15. Qxc3 fxe4 16. fxe4 {1-0 (37) Djalal,B (2056)-Gras,G (2132) Cannes 2000}) 10. f3 Bb4 11. O-O Be6 (11... Ne5 $142) 12. Qe1 Ne5 13. Nxe6 fxe6 14. a3 $36 {[%mdl 2048] White is in control.} (14. Bxa7 $18 h4 15. Be3) 14... Bc5 $16 15. Qf2 Bb6 16. Na4 Rdf8 (16... Bxe3 $16 {might work better.} 17. Qxe3 Kb8) 17. Nxb6+ $18 axb6 18. Qe1 g5 19. Qc3 ({Weaker is} 19. Bxg5 Qc5+ 20. Kh1 Nxf3 $16) 19... Nfd7 20. a4 g4 $2 {[#]} (20... Nc6 21. a5 bxa5) 21. a5 gxf3 22. axb6 Nxb6 23. Bxb6 {Threatening mate with Ra8+.} Qd6 {[#]} 24. Bxc7 {Played: Bb6-c5} 1-0

[Event "WSCC  M50 2019"]
[Site "Bucharest"]
[Date "2019.11.12"]
[Round "1.26"]
[White "Baimurzin, Aitkazy"]
[Black "Antonio, Rogelio Jr"]
[Result "1/2-1/2"]
[WhiteElo "1995"]
[BlackElo "2427"]
[Annotator "TA"]
[PlyCount "59"]
[EventDate "2019.11.12"]
[EventType "swiss"]
[EventCountry "ROU"]
[SourceTitle "playchess.com"]
[Source "ChessBase"]
[SourceQuality "1"]

{[%evp 19,59,45,39,14,47,38,39,39,35,43,63,56,91,37,100,103,96,97,104,102,108,95,97,99,107,67,100,97,93,82,117,122,176,136,321,216,209,0,312,0,189,0]} 1. Nf3 c5 2. g3 b6 3. Bg2 Bb7 4. c4 g6 5. d4 cxd4 6. Qxd4 Nf6 7. O-O Bg7 8. Nc3 O-O 9. Qh4 d6 10. Bh6 Nbd7 11. Bh3 {A30: Symmetrical English: Double Fianchetto and Hedgehog} (11. Nd5 e6 12. Ne3 Qe7 13. Rad1 Bxh6 14. Qxh6 Rfd8 15. Rd4 Bxf3 16. exf3 Rac8 17. Rfd1 Nf8 18. f4 Rc5 {½-½ (75) Adly,A (2637)-El Debs,F (2537) Arica 2017}) 11... Bxf3 12. Bxg7 $146 ({Predecessor:} 12. exf3 Ne5 13. Bg2 Bxh6 14. Qxh6 Nxc4 15. b3 Ne5 16. Qd2 Rc8 17. Rfe1 Nc6 18. Rad1 e6 19. Qxd6 {½-½ (19) Witt,R (2308)-Riemens,A (2225) Amsterdam 2002}) 12... Kxg7 13. exf3 {White is slightly better.} Rc8 14. b3 a6 15. Qd4 Ne5 16. Bg2 ({White should try} 16. Qe3 $16) 16... Kg8 (16... Nc6 $14 17. Qd2 e5) 17. f4 $16 Nc6 18. Qd2 Qd7 19. Rfe1 Rfe8 20. Rad1 Qf5 21. Qb2 Nb4 22. Bb7 Rc7 23. Be4 Qc8 24. Bf3 Nc6 25. Re3 Nb8 (25... Na7 $16) 26. Kg2 Qf5 $2 {[#]} (26... h5 $16 27. Rde1 Qd8) 27. Qe2 Kf8 28. Qb2 (28. h3 $142) 28... Kg8 $18 29. Qe2 Kf8 $1 30. Qb2 $2 {Accuracy: White = 56%, Black = 45%.} ({White should play} 30. h4 $18) 1/2-1/2

[Event "WSCC  M50 2019"]
[Site "Bucharest"]
[Date "2019.11.12"]
[Round "1.27"]
[White "Bagaturov, Giorgi"]
[Black "Brown, Steven A"]
[Result "1-0"]
[WhiteElo "2423"]
[BlackElo "1991"]
[Annotator "TA"]
[PlyCount "67"]
[EventDate "2019.11.12"]
[EventType "swiss"]
[EventCountry "ROU"]
[SourceTitle "playchess.com"]
[Source "ChessBase"]
[SourceQuality "1"]

{[%evp 17,67,33,18,-6,-3,-2,0,-4,2,2,15,-16,37,8,27,18,17,13,50,46,66,51,29,23,34,29,63,63,59,58,127,141,145,146,178,185,183,181,329,170,170,177,170,177,174,179,189,199,576,495,29997,29998]} 1. d4 d5 2. Nf3 Nf6 3. c4 e6 4. Nc3 Bb4 5. e3 O-O 6. Bd3 dxc4 7. Bxc4 c5 8. O-O a6 9. a3 Ba5 10. Qe2 {E54: Nimzo-Indian: Rubinstein: Main Line: 7...dxc4 8 Bxc4} (10. Bd3 Qe7 11. Ne4 Nxe4 12. Bxe4 cxd4 13. exd4 Nd7 14. Bg5 Qd6 15. Qc2 h6 16. Be3 Nf6 17. Ne5 Nxe4 18. Qxe4 Qd5 {½-½ (18) Kovacs,I (2201)-Szabo,Z (2313) Hungary 2014}) 10... b5 11. Ba2 cxd4 $146 ({Predecessor:} 11... Bb7 12. Rd1 Nbd7 13. dxc5 Bxc3 14. bxc3 Qc7 15. c4 bxc4 16. Bxc4 Ng4 17. h3 Bxf3 18. Qxf3 {½-½ (41) Kozma,J-Hybl,J Prague 1963}) 12. exd4 {The position is equal.} Bxc3 13. bxc3 Bb7 14. a4 bxa4 (14... Nbd7 $11) 15. Ba3 Re8 16. Ne5 Nbd7 17. Nc4 {next Nd6 is good for White.} Qc7 18. Nd6 Qxc3 19. Nxe8 Rxe8 20. Bb2 $36 {[%mdl 2048] White has the initiative.} Qc6 {[%csl Gb7][%cal Rc6g2] [#]} 21. f3 Qd6 22. Bc4 Nb6 23. Bxa6 Bd5 (23... Bxa6 $14 24. Qxa6 Ra8) 24. Ba3 $16 Qb8 25. Rfc1 Bb3 26. Rc6 Nfd5 27. Rac1 {Threatens to win with Qb5.} g6 (27... h6 $142 28. Qb5 Kh7) 28. Qe5 (28. Qb5 $142 {Hoping for Rc8!} Bc4 29. R6xc4 Nxc4 30. Qxc4) 28... Qxe5 $18 29. dxe5 Kg7 30. Rd6 Ra8 31. Bf1 Ra7 32. Rd8 {[#] White threatens Bf8+ and mate.} Rd7 $2 (32... Nd7 33. Bd6 Kh6) 33. Rb8 {Bf8+ would kill now.} Ra7 (33... h5 $18 34. Bc5 a3 35. Bxa3 Ra7) 34. Bf8+ {Accuracy: White = 58%, Black = 24%.} 1-0